| 000 | 00548nam a2200193 i 4500 | ||
|---|---|---|---|
| 001 | 90495 | ||
| 003 | ES-MaACL | ||
| 005 | 20230906180447.0 | ||
| 007 | t| | ||
| 008 | 050121s1934 fr ||||1| fre d | ||
| 100 | 1 |
_aLegras, Jules. _971302 |
|
| 245 | 1 | 2 |
_aL'ame russe / _cJules Legras. |
| 260 |
_aParis : _bErnest Flammarion, _c1934. |
||
| 300 |
_a284 p. ; _c19 cm. |
||
| 490 | 1 | _aBibliotheque de philosophie scientifique | |
| 830 | 0 |
_aBibliotheque de philosophie scientifique _9181135 |
|
| 852 |
_aES-MaACL _jA-2869 |
||
| 999 |
_c90495 _d90495 |
||